Research in higher education; (Record no. 21232)
[ view plain ]
| 000 -LEADER | |
|---|---|
| fixed length control field | 01305cam a22002891 4500 |
| 001 - CONTROL NUMBER | |
| control field | e 32000415 |
| 003 - CONTROL NUMBER IDENTIFIER | |
| control field | DLC |
| 005 - DATE AND TIME OF LATEST TRANSACTION | |
| control field | 20260227111222.0 |
| 008 - FIXED-LENGTH DATA ELEMENTS--GENERAL INFORMATION | |
| fixed length control field | 860422s1932 dcua b f100 0 eng c |
| 010 ## - LIBRARY OF CONGRESS CONTROL NUMBER | |
| LC control number | e 32000415 |
| 035 ## - SYSTEM CONTROL NUMBER | |
| System control number | (OCoLC)13471115 |
| 040 ## - CATALOGING SOURCE | |
| Original cataloging agency | U.S. Office of Education. Library |
| Transcribing agency | PScU |
| Modifying agency | PScU |
| -- | OCoLC |
| -- | DLC |
| 042 ## - AUTHENTICATION CODE | |
| Authentication code | premarc |
| 050 00 - LIBRARY OF CONGRESS CALL NUMBER | |
| Classification number | L111 |
| Item number | .A6 1931, no. 12 |
| 051 ## - LIBRARY OF CONGRESS COPY, ISSUE, OFFPRINT STATEMENT | |
| Classification number | LB2301 |
| Item number | .R4 1931 |
| 082 ## - DEWEY DECIMAL CLASSIFICATION NUMBER | |
| Classification number | 378.06370 |
| 111 2# - MAIN ENTRY--MEETING NAME | |
| Meeting name or jurisdiction name as entry element | Regional Conference on Higher Education. |
| Number of part/section/meeting | 1st, |
| Location of meeting | Eugene, Ore., |
| Date of meeting or treaty signing | 1931. |
| 245 10 - TITLE STATEMENT | |
| Title | Research in higher education; |
| Remainder of title | papers prepared for the first Regional Conference on Higher Education held under the joint auspices of the United States Office of Education and the University of Oregon at Eugene, Oreg., April 14, 15, and 16, 1931 ... |
| 260 ## - PUBLICATION, DISTRIBUTION, ETC. | |
| Place of publication, distribution, etc. | Washington, |
| Name of publisher, distributor, etc. | U.S. Govt. Print. Off., |
| Date of publication, distribution, etc. | 1932. |
| 300 ## - PHYSICAL DESCRIPTION | |
| Extent | vi, 133 p. incl. tables, diagrs. |
| Dimensions | 23 cm. |
| 490 0# - SERIES STATEMENT | |
| Series statement | United States. Office of Education. Bulletin, 1931, |
| Volume/sequential designation | no. 12 |
| 500 ## - GENERAL NOTE | |
| General note | At head of title: United States Department of the Interior. Ray Lyman Wilbur, secretary. Office of Education. William John Cooper, commissioner. |
| 504 ## - BIBLIOGRAPHY, ETC. NOTE | |
| Bibliography, etc. note | Bibliographies at end of most papers. |
| 650 #0 - SUBJECT ADDED ENTRY--TOPICAL TERM | |
| Topical term or geographic name entry element | Education, Higher |
| Form subdivision | Congresses. |
| 650 #0 - SUBJECT ADDED ENTRY--TOPICAL TERM | |
| Topical term or geographic name entry element | Research. |
| 710 2# - ADDED ENTRY--CORPORATE NAME | |
| Corporate name or jurisdiction name as entry element | University of Oregon. |
No items available.